Vista normal Vista MARC

Entrada Personal Name

Número de registros utilizados en: 1

001 - CONTROL NUMBER

  • control field: 9294

003 - CONTROL NUMBER IDENTIFIER

  • control field: OSt

005 - DATE AND TIME OF LATEST TRANSACTION

  • control field: 20200826152856.0

008 - FIXED-LENGTH DATA ELEMENTS

  • fixed length control field: 200826|| aca||aabn | a|a d

040 ## - CATALOGING SOURCE

  • Original cataloging agency: OSt
  • Transcribing agency: OSt

100 ## - HEADING--PERSONAL NAME

  • Personal name: Báez, Dora Inés

670 ## - SOURCE DATA FOUND

  • Source citation: Work cat.: (OSt)3620: Báez, Dora Inés, autora, Didáctica de la ciencia integrada /, 1996.